Vista normal
Vista MARC
Entrada Materia (corporativa)
Número de registros utilizados en: 1
001 - CONTROL NUMBER
- control field: 157245
003 - CONTROL NUMBER IDENTIFIER
- control field: Co-BoUCM
005 - DATE AND TIME OF LATEST TRANSACTION
- control field: 20211108102918.0
008 - FIXED-LENGTH DATA ELEMENTS
- fixed length control field: 211108|| aca||aabn | a|a d
040 ## - CATALOGING SOURCE
- Original cataloging agency: Co-BoUCM
- Transcribing agency: Co-BoUCM
110 ## - HEADING--CORPORATE NAME
- Corporate name or jurisdiction name as entry element: Corporación de Estudios de Antropología Urbana
670 ## - SOURCE DATA FOUND
- Source citation: Work cat.: (Co-BoUCM)25542: Corporación de Estudios de Antropología Urbana, Manejo y recuperación del espacio público Carrera 15, de la calle 72 a la 100, 1998